<?xml version="1.0" encoding="UTF-8"?>
<record
    xmlns:xsi="http://www.w3.org/2001/XMLSchema-instance"
    xsi:schemaLocation="http://www.loc.gov/MARC21/slim http://www.loc.gov/standards/marcxml/schema/MARC21slim.xsd"
    xmlns="http://www.loc.gov/MARC21/slim">

  <leader>02327    a2200241   4500</leader>
  <controlfield tag="001">46651</controlfield>
  <controlfield tag="005">20260407155736.0</controlfield>
  <controlfield tag="008">260407a1979    arg                 spa d</controlfield>
  <controlfield tag="003">AR-UNSa-BCEJYS</controlfield>
  <datafield tag="040" ind1=" " ind2=" ">
    <subfield code="a">AR-UNSa-BCEJYS</subfield>
    <subfield code="b">spa</subfield>
    <subfield code="c">AR-UNSa-BCEJYS</subfield>
  </datafield>
  <datafield tag="080" ind1=" " ind2=" ">
    <subfield code="a">658.115</subfield>
    <subfield code="x">Empresas p&#xFA;blicas, estatales y nacionalizadas (Econom&#xED;a)</subfield>
  </datafield>
  <datafield tag="245" ind1="1" ind2="0">
    <subfield code="a">Administraci&#xF3;n de empresas p&#xFA;blicas</subfield>
  </datafield>
  <datafield tag="020" ind1=" " ind2=" ">
    <subfield code="a">958-18-1155-0</subfield>
  </datafield>
  <datafield tag="264" ind1=" " ind2="1">
    <subfield code="a">M&#xE9;xico :</subfield>
    <subfield code="b">Limusa</subfield>
    <subfield code="c">1979</subfield>
  </datafield>
  <datafield tag="300" ind1=" " ind2=" ">
    <subfield code="a">674 p.</subfield>
    <subfield code="c">23 cm.</subfield>
  </datafield>
  <datafield tag="505" ind1=" " ind2=" ">
    <subfield code="a">VOL. I : 1. los recursos humanos en la empresa p&#xFA;blica / Diego Bara&#xF1;ano &#x2013; 2. La empresa p&#xFA;blica : un an&#xE1;lisis administrativos / Getulio P. Carvalho &#x2013; 3. Teor&#xED;a de sistemas aplicada a empresas p&#xFA;blicas / Caio Marcio Marini Ferreira y Jorge Luiz de Barros N&#xF3;brega &#x2013; 4. La divisionalizacion como instrumento de descentralizaci&#xF3;n / Armando Bergamini de Abreu &#x2013; 5. Administraci&#xF3;n por objetivos en las empresas p&#xFA;blicas / Christian Stephan &#x2013; 6. La toma de decisiones en el sistema p&#xFA;blico : problemas principales y una introducci&#xF3;n a la utilizaci&#xF3;n de las t&#xE9;cnicas de an&#xE1;lisis de criterios m&#xFA;ltiples / Christian Stephan y Paul F. Simas P. de Abreu &#x2013; 7. Administraci&#xF3;n de materiales para empresas de servicios p&#xFA;blicos &#x2013; un enfoque sistem&#xE1;tico / Gilson Luis Leal de Meireles &#x2013; 8. Contabilidad gerencial en las empresas p&#xFA;blicas / Claudio de Villemor Salgado &#x2013; 9. Una revisi&#xF3;n te&#xF3;rica del problema de la determinaci&#xF3;n de los precios en el sector de los servicios p&#xFA;blicos / Jos&#xE9; Ferrer Vall&#xE9;s &#x2013; 10. Formaci&#xF3;n de precios y equilibrio econ&#xF3;mico &#x2013; factores determinantes del precio. Primera secci&#xF3;n &#x2013; 11. Factores determinantes del precio. Segunda secci&#xF3;n &#x2013; 12. Acumulaci&#xF3;n de capital y desarrollo econ&#xF3;mico. Primera secci&#xF3;n &#x2013; 13. Tarifas de energ&#xED;a el&#xE9;ctrica / Jos&#xE9; Carlos Forseto &#x2013; 14. Modelo de simulaci&#xF3;n econ&#xF3;mico &#x2013; financiera de la compa&#xF1;&#xED;a paulista de fuerza y luz / Nelson Burgierman &#x2013; 15. Estudios de casos en administraci&#xF3;n de empresas p&#xFA;blicas &#x2013; 16. Ejercicios sobre administraci&#xF3;n de empresas p&#xFA;blicas. 
</subfield>
  </datafield>
  <datafield tag="041" ind1=" " ind2=" ">
    <subfield code="a">spa</subfield>
  </datafield>
  <datafield tag="942" ind1=" " ind2=" ">
    <subfield code="c">BK</subfield>
  </datafield>
  <datafield tag="590" ind1=" " ind2=" ">
    <subfield code="a">niveau_biblio:m niveau_hierar:0</subfield>
  </datafield>
  <datafield tag="100" ind1="1" ind2=" ">
    <subfield code="a">Escuela Interamericana de Administraci&#xF3;n P&#xFA;blica</subfield>
  </datafield>
  <datafield tag="700" ind1="1" ind2=" ">
    <subfield code="a">Banco Interamericano de Desarrollo (BID)</subfield>
  </datafield>
  <datafield tag="700" ind1="1" ind2=" ">
    <subfield code="a">Fundaci&#xF3;n Getulio Vargas</subfield>
  </datafield>
  <datafield tag="999" ind1=" " ind2=" ">
    <subfield code="c">4220</subfield>
    <subfield code="d">4220</subfield>
  </datafield>
  <datafield tag="952" ind1=" " ind2=" ">
    <subfield code="0">0</subfield>
    <subfield code="1">0</subfield>
    <subfield code="4">0</subfield>
    <subfield code="7">0</subfield>
    <subfield code="a">BCEJYS</subfield>
    <subfield code="b">BCEJYS</subfield>
    <subfield code="c">16</subfield>
    <subfield code="d">2026-04-07</subfield>
    <subfield code="l">0</subfield>
    <subfield code="o">658.115 B213 v.1</subfield>
    <subfield code="p">L39879</subfield>
    <subfield code="r">2026-04-07 15:57:37</subfield>
    <subfield code="w">2026-04-07</subfield>
    <subfield code="y">L</subfield>
  </datafield>
  <datafield tag="952" ind1=" " ind2=" ">
    <subfield code="0">0</subfield>
    <subfield code="1">0</subfield>
    <subfield code="4">0</subfield>
    <subfield code="7">0</subfield>
    <subfield code="a">BCEJYS</subfield>
    <subfield code="b">BCEJYS</subfield>
    <subfield code="c">16</subfield>
    <subfield code="d">2026-04-07</subfield>
    <subfield code="l">0</subfield>
    <subfield code="o">658.115 B213 v.1</subfield>
    <subfield code="p">L39880</subfield>
    <subfield code="r">2026-04-07 15:57:37</subfield>
    <subfield code="w">2026-04-07</subfield>
    <subfield code="y">L</subfield>
  </datafield>
  <datafield tag="952" ind1=" " ind2=" ">
    <subfield code="0">0</subfield>
    <subfield code="1">0</subfield>
    <subfield code="4">0</subfield>
    <subfield code="7">0</subfield>
    <subfield code="a">BCEJYS</subfield>
    <subfield code="b">BCEJYS</subfield>
    <subfield code="c">16</subfield>
    <subfield code="d">2026-04-07</subfield>
    <subfield code="l">0</subfield>
    <subfield code="o">658.115 B213 v.1</subfield>
    <subfield code="p">L39066</subfield>
    <subfield code="r">2026-04-07 15:57:37</subfield>
    <subfield code="w">2026-04-07</subfield>
    <subfield code="y">L</subfield>
  </datafield>
</record>
